Central Library OPAC University of Rajshahi

International organization / (Record no. 84381)

MARC details
000 -LEADER
fixed length control field 00625nam a2200217 a 4500
001 - CONTROL NUMBER
control field 84381
003 - CONTROL NUMBER IDENTIFIER
rucl marc code BD-RjUL
005 - DATE AND TIME OF LATEST TRANSACTION
control field 20241127153130.0
008 - FIXED-LENGTH DATA ELEMENTS--GENERAL INFORMATION
fixed length control field 241127s1959 bg ||||| |||| 00| 0 eng d
035 ## - SYSTEM CONTROL NUMBER
System control number (BD-RjUL)84381
040 ## - CATALOGING SOURCE
Original cataloging agency BD-RjUL
Language of cataloging eng
Transcribing agency BD-RjUL
041 ## - LANGUAGE CODE
Language code of text/sound track or separate title eng
082 ## - DEWEY DECIMAL CLASSIFICATION NUMBER
Edition number 23
Classification number 341
Author mark and year INT 1959
245 ## - TITLE STATEMENT
Title International organization /
Statement of responsibility, etc. Board of Editors Rupert Emerson ...[et al.]
260 ## - PUBLICATION, DISTRIBUTION, ETC. (IMPRINT)
Place of publication, distribution, etc. Boston :
Name of publisher, distributor, etc. The World Peace Foundation,
Date of publication, distribution, etc. 1959
300 ## - PHYSICAL DESCRIPTION
Pagination 676 p.;
Size 23 cm.
505 01 - FORMATTED CONTENTS NOTE
Formatted contents note Vol. XIII No.1, Winter 1959--
650 ## - SUBJECT ADDED ENTRY--TOPICAL TERM
Topical term or geographic name as entry element International law
700 ## - ADDED ENTRY--PERSONAL NAME
Personal name Emerson, Rupert
942 ## - ADDED ENTRY ELEMENTS (KOHA)
Source of classification or shelving scheme Dewey Decimal Classification
Koha item type Books
Holdings
Lost status Source of classification or shelving scheme Damaged status Not for loan Collection code Permanent Location Current Location Shelving location Date acquired Total Checkouts Full call number Date last seen Copy number Koha item type
  Dewey Decimal Classification   Not For Loan Non-fiction Central Library, University of Rajshahi Central Library, University of Rajshahi Reading Room 27/11/2024   341 INT 1959 27/11/2024 C-1 Books